Serás sempre uma menina muito especial (Record no. 2052)
[ view plain ]
| 000 -Etiqueta do registo | |
|---|---|
| Valores | 00711nam a2200253 4500 |
| 010 ## - Número ISBN | |
| ISBN | 9789722377010 |
| 021 ## - Número do Depósito Legal | |
| Código do país | Portugal |
| Número | 547197/25 |
| 100 ## - Dados gerais de processamento | |
| Dados gerais | 20260212d2025 d||y0pory50030103ba |
| 101 ## - Língua de publicação | |
| Língua | Português |
| 102 ## - País de publicação | |
| País | Portugal |
| 200 ## - Titulo e menção de responsabilidade | |
| Título próprio | Serás sempre uma menina muito especial |
| Primeira menção de responsabilidade | Isabella Miller |
| Outras menções de responsabilidade | trad. Ana Rita Sintra |
| 205 ## - Menção da edição | |
| Edição | 1ª edição |
| 210 #9 - Publicação | |
| Local de publicação | Lisboa |
| Nome do editor | Presença |
| Data de publicação | 2025 |
| 215 ## - Descrição física | |
| Paginação / Volumes | 102, [1] p. |
| Outras indicações físicas | il. |
| Dimensões | 21 cm |
| 300 ## - Notas gerais | |
| Texto da nota | BMB-Registado |
| 304 ## - Nota relativa ao título | |
| Texto de nota | Tít. orig.: Siempre serás especial |
| 606 ## - Nome comum usado como assunto | |
| ID Autoridade | 815 |
| Palavra de ordem | Literatura Juvenil |
| 675 ## - CDU | |
| Notação | 087.5 |
| Edição | BMB |
| Língua | por |
| 700 ## - Autor principal (pessoa individual) | |
| Apelido | Miller |
| Nome | Isabella |
| ID Autoridade | 2936 |
| 702 ## - Autor secundário (pessoa individual) | |
| Apelido | Sintra |
| Nome | Ana Rita |
| Função | Tradutor |
| ID Autoridade | 2690 |
| 801 ## - Fonte de origem | |
| País | PT |
| Agência | BMB |
| Regras de catalogação | RPC |
| 990 ## - Elementos KOHA | |
| Tipo de documento | Livro |
| Situação do levantamento | Estado | Número | Biblioteca de origem | Código de barras | Cota | Permissão de empréstimo | Tipo de documento | Forma de aquisição |
|---|---|---|---|---|---|---|---|---|
| 1 | Biblioteca Municipal de Borba | 2002 | 087.5 MIL / SER | Livro | Compra |